书目信息 |
| 题名: |
城市地产评估
|
|
| 作者: | 严星 , 林增杰 主编 | |
| 分册: | ||
| 出版信息: | 北京 中国人民大学出版社 1999 |
|
| 页数: | 549 | |
| 开本: | 21cm | |
| 丛书名: | ||
| 单 册: | ||
| 中图分类: | F293.3 | |
| 科图分类: | ||
| 主题词: | 城市经济 , 市政经济 | |
| 电子资源: | ||
| ISBN: | 7-300-03174-9/F·956 | |
| 000 | 00633nam0 2200217 450 | |
| 001 | 0760515518 | |
| 005 | 20070817164835.51 | |
| 010 | @a7-300-03174-9/F·956@d¥23.00 | |
| 100 | @a20070817d km y0chiy0120 ea | |
| 101 | 0 | @achi |
| 200 | 1 | @a城市地产评估@Acheng shi di chan ping gu@f严星,林增杰主编@Fyan xing,lin zeng jie zhu bian |
| 205 | @a2版(修订本) | |
| 210 | @a北京@c中国人民大学出版社@d1999 | |
| 215 | @a549@d21cm | |
| 606 | 0 | @a城市经济 |
| 606 | 0 | @a市政经济 |
| 690 | @aF293.3@v3 | |
| 701 | 0 | @a严星@Ayan xing@4主编 |
| 701 | 0 | @a林增杰@Alin zeng jie@4主编 |
| 801 | 0 | @aCN@bPFT@c20070817 |
| 905 | @a213230@dF293.3@eg10@f1 | |
| 城市地产评估/严星,林增杰主编.-2版(修订本).-北京:中国人民大学出版社,1999 |
| 549;21cm |
| ISBN 7-300-03174-9/F·956:¥23.00 |
| ● |
| 相关链接 |
|
|
|
|
正题名:城市地产评估
索取号:F293.3/g10
 
预约/预借
| 序号 | 登录号 | 条形码 | 馆藏地/架位号 | 状态 | 备注 |
| 1 | 6503692 | 265036926 | 密集书库-海洋学院/ [索取号:F293.3/g10] | 在馆 | |
| 2 | 6503763 | 265037630 | 密集书库-海洋学院/ [索取号:F293.3/g10] | 在馆 |